عرض عادي
عرض مارك
- Bruner, Robert F.,
مدخل إسم شخص
001 - رقم الضبط
- حقل الضبط: 5440
003 - معرف رقم الضبط
- حقل الضبط: OSt
005 - تاريخ ووقت أخر عملية
- حقل الضبط: 20111023145037.0
008 - عناصر بيانات ثابتة الطول
- حقل تحكم ثابت الطول: 111023|||a|||||| | ||| d
040 ## - مصدر الفهرسة
- هيئة الفهرسة الأصلية: OSt
- وكالة الكتابة: OSt
100 ## - مدخل -- أسم شخص
- إسم شخص: Bruner, Robert F.,
- تواريخ مرتبطة بالاسم: 1949-
670 ## - بيانات المصدر موجوده
- الاستشهاد بالمصدر: Work cat.: (OSt)0: Bruner, Robert F., 1949-, Case studies in finance :, c2003.
